Wykonawcy muzyczni na literę J - Statystyki

Ogólne statystyki
  • Ten quiz został rozwiązany 12 razy
  • Średni wynik to 6 z 20
Statystyki odpowiedzi
Lata aktywności Państwo Piosenki Zespół lub artysta % Poprawnych
1968–1980 Imagine | (Just Like) Starting Over John Lennon
70%
2010– Baby | What Do You Mean? Justin Bieber
70%
2002– SexyBack | Can't Stop the Feeling! Justin Timberlake
70%
1999– Jenny from the Block | Love Don't Cost a Thing Jennifer Lopez
50%
1980– I Love Rock 'N Roll | Cherry Bomb Joan Jett
40%
2004– All of Me | Green Light John Legend
40%
1958–2003 I Got You (I Feel Good) | Sex Machine James Brown
30%
1967–1970 Piece of My Heart | Me and Bobby McGee Janis Joplin
30%
1996– Empire State of Mind | Dirt Off Your Shoulder Jay-Z
30%
1966–1972 White Rabbit | Somebody to Love Jefferson Airplane
30%
1965–1970 Purple Haze | Voodoo Child (Slight Return) Jimi Hendrix
30%
1969–1989 2012– ABC | I Want You Back The Jackson 5
30%
1958–2022 Great Balls of Fire | Whole Lot of Shakin' Going On Jerry Lee Lewis
20%
1975– Don't Stop Believin' | Any Way You Want It Journey
20%
1966–1973 Bad, Bad Leroy Brown | Time In a Bottle Jim Croce
10%
1970–2023 Margaritaville | Cheeseburger in Paradise Jimmy Buffett
10%
1969–1997 Rocky Mountain High | Take Me Home, Country Roads John Denver
10%
1976– Jack & Diane | Hurts So Good John Mellencamp
10%
1955–2003 I Walk the Line | Ring of Fire Johnny Cash
10%
2001– Your Body is a Wonderland | New Light John Mayer
0%
Nie znaleziono quizów pasujących do podanych kryteriów
Rozkład punktacji
Procent ludzi z każdym wynikiem
Percentyl według liczby udzielonych odpowiedzi
Twoja historia wyników
Nie rozwiązałeś tego quizu